000
00337 a2200157 4500
001
56533
020
_a
8530501179
040
_c
Anchieta - Pituba
100
_a
Carrasco, Walcyr
240
1
0
_a
Meu primeiro beijo
_l
por
245
1
0
_a
Meu primeiro beijo
300
_a
112
362
0
_a
1997
650
4
_a
Literatura juvenil
942
_c
BK
999
_c
56533
_d
56533